000 00299nam a2200121Ia 4500
008 231106s2017 xx 000 0 und d
041 _aeng
082 _a751.42
100 _aHAZEL LALE
245 _aDRAWING AND PAINTING WITH WATER SOLUBLE MEDIA
260 _bSEARCH PRESS
_c2017
300 _aP-128
999 _c920146
_d920146